Statistics for All cupcaKKe Songs

Click here to take the quiz!

General Stats

  • This quiz has been taken 69 times
    (67 since last reset)
  • The average score is 27 of 93

Answer Stats

AlbumSong% Correct
Cum CakeVagina
84%
Queen Elizab***hCPR
76%
Cum CakeDeepthroat
76%
Single #2Squidward Nose
57%
AudaciousLGBT
53%
Cum CakePedophile
53%
AudaciousSpider-Man Dick
53%
EphorizeDuck Duck Goose
49%
Single #6Grilling N***as
47%
Queen Elizab***hCumshot
41%
S.T.D (Shelters to Deltas)Doggy Style
41%
S.T.D (Shelters to Deltas)Best Dick Sucker
37%
Cum CakeJuicy Coochie
37%
EphorizeCartoons
35%
EdenQuiz
35%
EdenGarfield
33%
EphorizeSpoiled Milk Titties
33%
Queen Elizab***h33rd
31%
EdenA.U.T.I.S.M.
31%
Queen Elizab***hBarcodes
31%
Single #9Discounts
31%
Single #8Lemon Pepper
31%
Cum CakeSearch
31%
EdenBlackjack
29%
EphorizeCrayons
29%
Cum CakeLife
29%
Cum CakeReality, Pt. 2
29%
S.T.D (Shelters to Deltas)Reality, Pt. 3
29%
Queen Elizab***hReality, Pt. 4
29%
EphorizeCinnamon Toast Crunch
27%
Cum CakeDarling
27%
EdenDon't Post Me
27%
AudaciousJesus
27%
Single #7Lawd Jesus
27%
AudaciousPicking Cotton
27%
EdenPrenup
27%
Queen Elizab***hTarzan
27%
EdenTypo
27%
Cum CakeYo Lost
27%
Ephorize2 Minutes
25%
EdenCereal and Water
25%
Cum CakeDiss
25%
Cum CakeExceptions
25%
EdenFabric
25%
EphorizeFullest
25%
Cum CakeFurniture
25%
AudaciousHomework Intro
25%
AudaciousMistress
25%
Cum CakePinnochio
25%
EphorizePost Pic
25%
Queen Elizab***hQuick Thought
25%
Queen Elizab***hScraps
25%
EdenStarbucks
25%
Single #5Whoregasm
25%
EphorizeWisdom Teeth
25%
AudaciousAce Hardware
24%
Queen Elizab***hAuthor
24%
Single #3Bird Box
24%
AudaciousBirth Mark
24%
AudaciousBudget
24%
AudaciousCock a Doodle Doo
24%
EdenDangled
24%
EphorizeExit
24%
Cum CakeImage
24%
AudaciousKeep Hoes Alive
24%
AudaciousLime
24%
EdenPetSmart
24%
EphorizeSelf Interview
24%
Cum CakeTit for Tat
24%
EphorizeTotal
24%
Queen Elizab***hBiggie Smalls
22%
SingleHot Pockets
22%
EphorizeMeet and Greet
22%
EphorizeNavel
22%
S.T.D (Shelters to Deltas)Opportunity
22%
S.T.D (Shelters to Deltas)Portions
22%
Queen Elizab***hToys "R" Us
22%
Single #4Ayesha
20%
S.T.D (Shelters to Deltas)Cool F**k
20%
S.T.D (Shelters to Deltas)Distraction
20%
S.T.D (Shelters to Deltas)Interruption
20%
Single #10Mickey
20%
S.T.D (Shelters to Deltas)Motherlands
20%
S.T.D (Shelters to Deltas)O.C.D
20%
S.T.D (Shelters to Deltas)Odd
20%
EphorizeSingle While Taken
20%
S.T.D (Shelters to Deltas)Sweet N Low
20%
S.T.D (Shelters to Deltas)Panda Remix
18%
Cum CakeChiraq Remix
16%
Cum CakeHot N***a Freestyle
16%
Cum CakeJumpman Remix
16%
Cum CakeKash Doll Diss
16%
Queen Elizab***hCivlized
6%

Score Distribution

Percentile by Number Answered

Percent of People with Each Score

Your Score History

You have not taken this quiz since the last reset